ஏற்றுமதி முடிவுற்றது — 

Pictorial guide to the model of ancient Jerusalem at the time of the Second Temple in the grounds of the Holyland Hotel, Jerusalem Israel /

Saved in:
நூற்பட்டியல் விவரங்கள்
தலைமை எழுத்தாளர்: Avi-Yonah, Michael, 1904-1974.
மற்ற எழுத்தாளர்கள்: Tsafrir, Yoram.
வடிவம்: புத்தகம்
மொழி:English
வெளியீடப்பட்டது: Herzlia, Israel : Palphot, [199-?]
பதிப்பு:Rev.ed. / by Yoram Tsafrir.
பகுதிகள்:
குறியீடுகள்: குறிச்சொல் இணை
குறியீடுகள் இல்லை, இந்த குறிச்சொல்லை முதலில் பதிவு செய்யுங்கள்!
LEADER 00878nam a22002657u 4500
001 007799735-2
005 20121109165325.0
008 980528s199u is ab 000 0 eng d
020 |a 9652800848 
035 0 |a ocm79661479 
035 0 |a ocn818317114 
035 0 |a 04379661479 
043 |a a-is--- 
050 4 |a DS109.3  |b .A95 1990z 
100 1 |a Avi-Yonah, Michael,  |d 1904-1974. 
245 1 0 |a Pictorial guide to the model of ancient Jerusalem at the time of the Second Temple  |b in the grounds of the Holyland Hotel, Jerusalem Israel /  |c Michael Avi-Yonah. 
250 |a Rev.ed. / by Yoram Tsafrir. 
260 |a Herzlia, Israel :  |b Palphot,  |c [199-?] 
300 |a 32 p. :  |b col. ill., plans ;  |c 22 cm. 
610 2 0 |a Temple of Jerusalem (Jerusalem) 
651 0 |a Jerusalem  |x Antiquities. 
651 0 |a Jerusalem  |x History. 
700 1 |a Tsafrir, Yoram. 
988 |a 20020608 
906 |0 MH